000 00294nam a22001337a 4500
008 170706b xxu||||| |||| 00| 0 eng d
020 _a9780136917595
041 _aeng
080 _a82
100 _a22
101 _aGJL
245 _aPRENTICE HALL LITERATURE
_cCOPPER.B
942 _2udc
_cBK
999 _c20009
_d20009